| 000 | 01408cam a22004454i 4500 | ||
|---|---|---|---|
| 001 | 200461879 | ||
| 003 | TR-AnTOB | ||
| 005 | 20240718085402.0 | ||
| 007 | ta | ||
| 008 | 240718t20132013tu a b 000 0 tur c | ||
| 010 | _a 2014353505 | ||
| 020 |
_a9789753429375 _q(paperback) |
||
| 020 | _a9753429371 | ||
| 035 | _a(OCoLC)ocn911346482 | ||
| 035 | _a(TR-AnTOB)200461879 | ||
| 040 |
_aNjP _beng _erda _cPUL _dOCLCO _dOCLCF _dDLC _dTR-AnTOB |
||
| 041 | 0 | _atur | |
| 043 | _aa-tu--- | ||
| 050 | 0 | 4 |
_aDR738.5.T64 _bD57 2013 |
| 090 |
_aDR738.5.T64 _bD57 2013 |
||
| 245 | 0 | 0 | _a#Diren direniş, ajanda 2014. |
| 246 | 3 | _aDiren direniş, ajanda 2014 | |
| 246 | 3 | 0 | _aAjanda 2014 |
| 250 | _aİlk basım. | ||
| 264 | 1 |
_aBeyoğlu, İstanbul : _bMetis Yayınları, _c2013. |
|
| 264 | 4 | _c©2013 | |
| 300 |
_a222 pages : _billustrations ; _c15 cm |
||
| 336 |
_atext _btxt _2rdacontent |
||
| 337 |
_aunmediated _bn _2rdamedia |
||
| 338 |
_avolume _bnc _2rdacarrier |
||
| 500 | _aCover title. | ||
| 504 | _aBIB | ||
| 650 | 7 |
_aGösteriler _zTürkiye _y21. yüzyıl _2etuturkob _9146458 |
|
| 650 | 7 |
_aGösteriler _zTürkiye _zİstanbul _2etuturkob _9146458 |
|
| 650 | 0 |
_aProtesto hareketleri _zTürkiye _y21. yüzyıl _9113539 |
|
| 650 | 0 |
_aSosyal hareketler _zTürkiye _y21. yüzyıl _9113538 |
|
| 651 | 7 |
_aTaksim Meydanı (İstanbul, Türkiye) _2etuturkob _9146457 |
|
| 942 |
_2lcc _cBK |
||
| 999 |
_c200461879 _d80091 |
||